| 000 | 00575nam a2200157 4500 | ||
|---|---|---|---|
| 001 | 126214 | ||
| 003 | ES-MaACL | ||
| 007 | t| | ||
| 008 | 070214s1955 sp r ||||1| spa d | ||
| 100 | 1 |
_aRebollo Peña, Ambrosio. _995711 |
|
| 245 | 1 | 0 |
_aAbstracto y concreto en la Filosofía de Santo Tomás _b: estructura metafísica de los cuerpos / _cAmbrosio Rebollo Peña. |
| 260 |
_aBurgos : _b[s.n.], _c1955 ( _fHijos de S. Rodríguez) |
||
| 300 |
_aXXI, 231 p. ; _c24 cm. |
||
| 500 | _aEs publicación del Seminario Metropolitano de Burgos. | ||
| 852 |
_aES-MaACL _jC-9866 _bR.38303 |
||
| 999 |
_c126214 _d126214 |
||